Malaria vector control and personal protection : report of a WHO Study Group.
Gorde:
| Erakunde egilea: | |
|---|---|
| Formatua: | Liburua |
| Argitaratua: |
Geneva :
World Health Organization,
2006.
|
| Saila: | Technical report series (World Health Organization) ;
936. |
| Gaiak: | |
| Etiketak: |
Etiketa erantsi
Etiketarik gabe, Izan zaitez lehena erregistro honi etiketa jartzen!
|
| LEADER | 01145nam a22002657a 4500 | ||
|---|---|---|---|
| 020 | |a 9241209364 | ||
| 020 | |a 9789241209366 | ||
| 022 | |a 05123054 | ||
| 060 | |a WC 765 | ||
| 090 | |b .A247 | ||
| 110 | 2 | |a WHO Study Group on Malaria Vector Control and Personal Protection |9 858 | |
| 245 | 1 | 0 | |a Malaria vector control and personal protection : |b report of a WHO Study Group. |
| 260 | |a Geneva : |b World Health Organization, |c 2006. | ||
| 300 | |a vi, 62 p. ; |c 24 cm. | ||
| 490 | 1 | |a WHO Technical report Series |v 936 | |
| 500 | |a "A World Health Organization (WHO) Study Group on Malaria Vector Control and Personal Protection met in Geneva, 10-12 March 2004."--p. 1. | ||
| 504 | |a Includes bibliographical references. | ||
| 650 | 0 | |a Malaria |x Prevention. |9 845 | |
| 650 | 0 | |a Vector control. |9 847 | |
| 650 | 1 | 2 | |a Malaria |x prevention & control. |9 854 |
| 650 | 2 | 2 | |a Disease Vectors. |9 859 |
| 830 | 0 | |a Technical report series (World Health Organization) ; |v 936. |9 768 | |
| 942 | |2 NLM |c BK | ||
| 952 | |0 0 |1 0 |2 NLM |4 0 |6 WC_765_000000000000000_WHO_2006 |7 0 |9 1333 |a NHRC |b NHRC |c CART |d 2013-02-07 |l 0 |o WC 765/WHO/2006 |p 001215 |r 2013-02-07 |w 2013-02-07 |y BK | ||
| 999 | |c 1298 |d 1298 | ||